000 01154ngm a22003850a 4500
001 PT47690
003 AR-LpoUNG
005 20210202000021.0
007 vd cvaizq
008 191001s2010||||ag |||||||||||||||||spa d
037 _c$2,50
040 _aAR-LpoUNG
_bspa
_cAR-LpoUNG
_eaacr
041 _aspa
044 _aag
082 0 _a982.065 131san
100 1 _aCagni, Camilo
_edir.
245 1 0 _aSantucho...todavía :
_bla vida del Robi contada por su familia y compañeros de militancia
260 _aBuenos Aires :
_bMiradas al sur,
_c2010.
300 _aDVD (47 min.) : son., col.
520 _aUn trabajo que refleja la vida de Mario Roberto "Robi" Santucho, el líder político del PRT-ERP, la guerrilla marxista más importante y desarrollada de la Argentina en la década de 1970,
650 4 _aARGENTINA
650 4 _aDICTADURA
650 4 _aGUERRILLEROS
650 4 _aHISTORIA POLITICA
650 4 _aMARXISMO
653 _aCINE ARGENTINO
653 _aDOCUMENTALES
653 _aDVD
653 _aERP
653 _aPTR
653 _aVIDEOS
700 1 _aGarcía, Lucía
_edir.
905 _a47690
942 _cDVD
999 _c53967
_d53967